Emprendimiento y limitación de responsabilidad en el derecho romano. En torno al origen del dogma iusprivatista de la limitación de responsabilidad.
Збережено в:
| Автор: | |
|---|---|
| Формат: | Книга |
| Мова: | Іспанська |
| Опубліковано: |
Saarbrücken, Alemania:
Académica Española,
2012.
|
| Предмети: | |
| Теги: |
Додати тег
Немає тегів, Будьте першим, хто поставить тег для цього запису!
|
MARC
| LEADER | 00000cam a2200000 a 4500 | ||
|---|---|---|---|
| 001 | UCE6970 | ||
| 003 | CL-VaPUC | ||
| 005 | 20240528123519.0 | ||
| 008 | 150514e20120000gw |||||||||||||||||spa|d | ||
| 999 | |c 359135 |d 359133 | ||
| 020 | |a 978-3-8484-5705-2 | ||
| 040 | |c Pontificia Universidad Católica de Valparaíso | ||
| 082 | 0 | 4 | |a 340.54 LAZ 2012 |2 21 |
| 100 | |a Lazo González, Patricio Rodrigo |e autor |9 753610 | ||
| 245 | 1 | 0 | |a Emprendimiento y limitación de responsabilidad en el derecho romano. |b En torno al origen del dogma iusprivatista de la limitación de responsabilidad. |
| 260 | |a Saarbrücken, Alemania: |b Académica Española, |c 2012. | ||
| 300 | |a 124 páginas. | ||
| 500 | |a c.2 Donación Familia Prof. Alejandro Guzmán Brito. | ||
| 583 | |a last modification |c 20190801 08:36:43 |k Rodrigo Vera | ||
| 650 | 0 | |a Derecho romano |9 255930 | |
| 650 | 0 | |a Dogmática jurídica |9 337910 | |
| 942 | |c BK |2 ddc |n 0 | ||
| 945 | |d 20150514 13:01:00 |a arojas | ||
| 952 | |0 0 |1 0 |3 erb |4 0 |6 340_540000000000000_LAZ_2012 |7 0 |8 A |9 468182 |a BIBDER |b BIBDER |i 514969K |l 1 |m 2 |o 340.54 LAZ 2012 |p 514969K |q 2025-12-31 |r 2024-03-12 |s 2024-03-12 |w 2019-11-23 |y BK |z Catalogado en:20150514 |k DER | ||
| 952 | |0 0 |1 0 |2 ddc |4 0 |6 340_540000000000000_LAZ_2012 |7 1 |8 C_AGB |9 580314 |a BIBDER |b BIBDER |d 2022-01-10 |e Donación |i 5636477 |o 340.54 LAZ 2012 |p 5636477 |r 2023-01-25 |t 2 |w 2022-01-10 |y BK_US |k AGB | ||